California Quiz - Statistics

General Stats
  • This quiz has been taken 20 times
  • The average score is 6 of 7
Answer Stats
Hint Answer % Correct
Most Populous City Los Angeles
94%
Number of NFL Teams 3
88%
Number of NHL Teams 3
88%
Number of NBA Teams 4
88%
Number of MLB Teams 5
88%
Capital Sacramento
88%
Most famous athlete playing for a team currently? LeBron James
65%
No matching quizzes found
Score Distribution
Percent of People with Each Score
Percentile by Number Answered
Your Score History
You have not taken this quiz